البرامج التليفزيونية و أثرها فى تلعيم اللغة العربية لغير الناطقين بها
Saved in:
| Main Author: | |
|---|---|
| Other Authors: | |
| Format: | Thesis |
| Language: | Arabic |
| Published: |
خرطوم
: معهد خرطوم دولى غة عربية،
1986
|
| Subjects: | |
| Tags: |
Add Tag
No Tags, Be the first to tag this record!
|
| LEADER | 014530000a22003370004500 | ||
|---|---|---|---|
| 001 | 63483 | ||
| 005 | 20091201114200.0 | ||
| 008 | 930205s1986 ara | ||
| 035 | |a 233743 | ||
| 035 | |a (Sirsi) 63483 | ||
| 040 | |a UIAM |b eng | ||
| 049 | |b m | ||
| 050 | |a PJ6067 | ||
| 100 | 1 | |a مهدى، صباح عبد كريم | |
| 245 | 1 | 0 | |a البرامج التليفزيونية و أثرها فى تلعيم اللغة العربية لغير الناطقين بها |
| 246 | 0 | 0 | |a al-Baramij al-tilifiziyuniyah wa-atharuha fi ta'lim al-lughah al-'Arabiyah li-ghayr al-natiqin biha / |c i'dad Sabah 'Abd al-Karim Mahdi; ishraf Yusuf Mustafa Bilal |
| 260 | 1 | |a خرطوم |b : معهد خرطوم دولى غة عربية، |c 1986 | |
| 300 | |a 85p. | ||
| 502 | |a Dip. - Ma'had al-Khurtum al-Dawli lil-Lughat al-'Arabiyah | ||
| 533 | |a One copy | ||
| 596 | |a 1 | ||
| 650 | 0 | |a Arabic language |x Study and teaching Foreign speakers | |
| 650 | 0 | |a Arabic language |x Study and teaching Audio-visual aids | |
| 650 | 0 | |a Television in education | |
| 655 | 0 | 7 | |a Theses, non-IIUM |
| 700 | 1 | |a Mahdi, Sabah 'Abd al-Karim | |
| 710 | 1 | |a Ma'had al-Khartum al-Dawli lil-Lughah al-'Arabiyah | |
| 710 | 2 | |a Munazzamah al-'Arabiyah lil-Tarbiyah wa-al-Thaqafah wa-al-'Ulum | |
| 900 | |a checked arr250893 | ||
| 999 | |c 430133 |d 461624 | ||
| 952 | |0 0 |6 T PJ 006067 M214B |7 0 |8 THESES |9 749247 |a IIUM |b IIUM |c MULTIMEDIA |g 0.00 |o t PJ6067M214B |p 00000062316 |r 2017-10-19 |t 1 |v 0.00 |y THESIS | ||
